|
|
|
|
| LEADER |
00000nam0a2200000 4500 |
| 001 |
184077 |
| 005 |
20231101223822.0 |
| 035 |
|
|
|a (RuTPU)RU\TPU\book\199557
|
| 090 |
|
|
|a 184077
|
| 100 |
|
|
|a 20100827d1953 m y0rusy50 ca
|
| 101 |
0 |
|
|a rus
|
| 102 |
|
|
|a RU
|
| 105 |
|
|
|a a z 001zy
|
| 200 |
1 |
|
|a Замедлители коррозии в нейтральных средах
|f И. Л. Розенфельд
|
| 210 |
|
|
|a Москва
|c Изд-во Академии наук СССР
|d 1953
|
| 215 |
|
|
|a 247 с.
|c ил.
|
| 320 |
|
|
|a Библиогр.: с. 240-244.
|
| 606 |
1 |
|
|a Замедлители коррозии
|x Исследование
|2 stltpush
|3 (RuTPU)RU\TPU\subj\11269
|9 38229
|
| 606 |
1 |
|
|a Замедлители коррозии
|2 stltpush
|3 (RuTPU)RU\TPU\subj\11296
|9 38253
|
| 610 |
1 |
|
|a коррозия
|
| 610 |
1 |
|
|a нейтральные среды
|
| 610 |
1 |
|
|a замедлители
|
| 610 |
1 |
|
|a металлы
|
| 610 |
1 |
|
|a защита от коррозии
|
| 675 |
|
|
|a 669:620.197.3
|v 3
|
| 675 |
|
|
|a 620.197.3
|v 3
|
| 700 |
|
1 |
|a Розенфельд
|b И. Л.
|
| 712 |
0 |
2 |
|a Академия наук СССР (АН СССР)
|b Институт физической химии
|c (Москва)
|2 stltpush
|3 (RuTPU)RU\TPU\col\11504
|
| 801 |
|
1 |
|a RU
|b 63413507
|c 20100827
|
| 801 |
|
2 |
|a RU
|b 63413507
|c 20190122
|g RCR
|
| 942 |
|
|
|c BK
|